000 00357nam a2200133Ia 4500
008 240624s9999 xx 000 0 und d
041 _aeng
082 _a658.5 KRI
100 _aKRISHNASWAMY K N
245 _aCASES IN OPERATIONS MANAGEMENT
260 _c2008
_aNew Delhi
_bPrentice-Hall of India
300 _aviii, : 391 : p. : cm. ; 23
365 _cRS
_b30
999 _c15155
_d15155